تخطي إلى المحتوى

Компостирование твердых органических отходов производства и потребления. Вермикомпостирование монография

Рассмотрены вопросы теории и практики компостирования твердых органических отходов в России и за рубежом в условиях высокомеханизированных мусороперерабатывающих и компостных предприятий, полевого и индивидуального компостирования. Описаны основные технологические схемы, применяемое оборудование и м...

وصف كامل

محفوظ في:
التفاصيل البيبلوغرافية
التنسيق: Книга
اللغة:Russian
منشور في: Пермь ПНИПУ 2010
الوصول للمادة أونلاين:https://e.lanbook.com/book/160321
https://e.lanbook.com/img/cover/book/160321.jpg
الوسوم: إضافة وسم
لا توجد وسوم, كن أول من يضع وسما على هذه التسجيلة!
LEADER 02913nam0a2200241 i 4500
001 160321
003 RuSpLAN
005 20221220174110.0
008 221220s2010 ru gs 000 0 rus
020 |a 978-5-398-00404-5 
040 |a RuSpLAN 
041 0 |a rus 
044 |a ru 
080 |a 628.473 
245 0 0 |a Компостирование твердых органических отходов производства и потребления. Вермикомпостирование  |b монография 
260 |a Пермь  |b ПНИПУ  |c 2010 
300 |a 557 с. 
504 |a Библиогр.: доступна в карточке книги, на сайте ЭБС Лань 
520 8 |a Рассмотрены вопросы теории и практики компостирования твердых органических отходов в России и за рубежом в условиях высокомеханизированных мусороперерабатывающих и компостных предприятий, полевого и индивидуального компостирования. Описаны основные технологические схемы, применяемое оборудование и методы контроля, требования к качеству получаемых целевых продуктов и основные направления их применения. На основе процессного подхода, анализа жизненного цикла (LCA, LCI, LCIA), экологических и санитарных рисков, энергетического и ресурсного потенциала компостируемых отходов дана оценка компостированию с позиций устойчивого развития как экологически безопасному комплексу энерго- и ресурсосберегающих технологий, позволяющему возвращать в естественный круговорот веществ органические компоненты отходов, трансформированные в процессе компостирования в целевые продукты, близкие к естественным. Приведены результаты исследований авторов, выполненных в Пермском государственном техническом университете в период с 1981 г. по настоящее время. 
521 8 |a Книга из коллекции ПНИПУ - Инженерно-технические науки 
856 4 |u https://e.lanbook.com/book/160321 
856 4 8 |u https://e.lanbook.com/img/cover/book/160321.jpg 
953 |a https://e.lanbook.com/img/cover/book/160321.jpg